000 01207nam a2200265 a 4500
999 _c759
_d759
003 AR-BaISA
005 20220512172052.0
007 ta
008 220204s2021 ag ||||| |||| 00| 0 spa d
020 _a9789878010847
040 _cAR-BaISA
082 0 4 _222
_a363.705 61 M548t
100 1 _aMerlinsky, María Gabriela
_eaut.
_91805
245 1 0 _aToda ecología es política:
_blas luchas por el derecho al ambiente en busca de alternativas de mundos /
_cGabriela Merlinsky
260 _aBuenos Aires:
_bSiglo XXI,
_c2021
300 _a199 p.
490 1 _aSociología y política. Rumbos teóricos
504 _aBibliografía p.: 187-199
505 _tLa cuestión ambiental, el giro político de nuestro tiempo --
_tLos conflictos ambientales como analizadores sociales --
_t¿Qué producen los conflictos ambientales? --
_tJusticia ambiental y desigualdad social --
_tRespuestas políticas y formas localizadas de la justicia ambiental en América Latina --
_tConflictos ambientales y alternativas de mundos
650 1 4 _91806
_aPolítica ambiental
650 1 4 _91807
_aEcología
650 1 4 _91808
_aMedio ambiente
_vconflicto político
830 0 _9796
_aSociología y política
942 _2ddc
_cLI